000 00854cam a22002773a 4500
001 9429
003 PGUSA
005 20140828083212.0
008 051201s2005||||xxu|||||s|||||000 1 eng d
040 _aPGUSA
_beng
042 _adc
050 4 _aPR
100 1 _aHardy, Thomas,
_d1840-1928
245 1 2 _aA Pair of Blue Eyes
_h[electronic resource] /
_cThomas Hardy
260 _bProject Gutenberg,
_c2005
506 _aCopyrighted. Read the copyright notice inside this book for details.
516 _aElectronic text
653 _aElopement -- Fiction
653 _aTriangles (Interpersonal relations) -- Fiction
653 _aDidactic fiction
653 _aSeparation (Psychology) -- Fiction
653 _aWessex (England) -- Fiction
830 0 _aProject Gutenberg
_v9429
856 4 0 _uhttp://www.gutenberg.org/ebooks/9429
942 _cAB
999 _c238685
_d238685